000 01314nam a22001937a 4500
003 OSt
005 20251217082120.0
008 251216b |||||||| |||| 00| 0 eng d
040 _cDCL
082 _a၂၉၄.၃၈၄
110 _aနိုင်ငံတော်သီးခြားဝိနည်းဓိုလ် အဖွဲ့အမှတ်(၁၇/၂၀၁၁)
245 1 0 _aရှင်ဉာဏဦးဆောင်သော မိုးပြာဂိုဏ်းသားတို့ အယူဝါဒအပေါ် ဓမ္မ-အဓမ္မ အငြင်းပွားမှုခင်းဆုံးဖြတ်ချက် /
_cနိုင်ငံတော်သီးခြားဝိနည်းဓိုရ် အဖွဲ့အမှတ်(၁၇/၂၀၁၁)။
264 _aရန်ကုန် ၊
_bသာသနာရေးဦးစီးဌာန၊
_c၂၀၁၁။
300 _a၄၂၉ စာမျက်နှာ ၊
_c၂၉ စင်တီ။
504 _aကျမ်းကိုးစာရင်းပါဝင်သည်။
650 _aဗုဒ္ဓဘာသာ
_xဝိနည်း
650 _aဗုဒ္ဓဘာသာ
_xဥပဒေနှင့်ဥပဒေပြုခြင်း
942 _2ddc
_cSHORT TERM
_n0
999 _c2739
_d2739